000 01174nam a2200277 a 4500
005 20260112063249.0
020 _a8125027092 (v. 1)
020 _a8125027106 (v. 2)
035 _a15255100
039 _a202110051441
_bstaff
_c201301290427
_d staff
_c201003230526
_d staff
_y 201003230522
_z staff
082 _a330.90954
_bRAY [ Shelf 74 ]
245 _aThe Cambridge economic history of India /
_cedited by Tapan Raychaudhuri and Irfan Habib.
260 _aHyderabad :
_bOrient Longman in association with Cambridge University Press,
_c2004-2005.
300 _a2 v. :
_bill., maps ;
_c23 cm.
500 _aVol. 2 edited by: Dharma Kumar with editorial assistance of Meghnad Desai ; introduction by Sabyasachi Bhattacharya.
504 _aIncludes bibliographical references and index.
505 _av. 1. c.1200-c.1750 -- v. 2. c. 1757-2003.
651 _aIndia
_x Economic conditions.
700 _aRaychaudhuri, Tapan.
700 _aHabib, Irfan,
_d 1931-
700 _aDharma Kumar.
700 _aDesai, Meghnad.
991 _aVIRTUA40
991 _aVTLSSORT0080*0200*0201*0350*0820*2450*2600*3000*5000*5040*5050*6510*7000*7001*7002*7003*9992
909 _a2395
999 _c2296
_d2296